000
00507nam a2200181Ia 4500
008
090123s9999 xx 000 0 und d
082
_b
41721
100
_a
ठकार संजीव
245
_a
अवस्वप्न
250
_a
1
260
_b
पुष्प प्रकाशन
_c
2007
300
_a
176
600
_a
ठकार संजीव
630
_a
अवस्वप्न
700
_a
ठकार संजीव
730
_a
अवस्वप्न
942
_c
BOOK
999
_c
79799
_d
79799